| 000 | 00979cam a22002531i 4500 | ||
|---|---|---|---|
| 003 | SA-RiAUC | ||
| 005 | 20241120131544.0 | ||
| 008 | 241120s1999 ir f 000 0 ara c | ||
| 040 |
_aSA-JeALM _bara _cSA-RiAUC. _erda |
||
| 050 | 4 | _b.S838 1999 | |
| 082 | 0 | 4 |
_a245.072 _qSA-RiAUC |
| 090 |
_a245.072 _b س ب ح |
||
| 100 | 1 |
_aالسبحاني، جعفر، _d1929- _eمؤلف. |
|
| 245 | 1 | 0 |
_aبحوث في الملل والنحل : _bدراسة موضوعية مقارنة للمذاهب الإسلامية / _cجعفر السبحاني. |
| 250 | _aالطبعة الخامسة. | ||
| 264 | 1 |
_aقم، إيران : _bمؤسسة الإمام الصادق (ع)، _c2007 |
|
| 300 |
_aمجلد ؛ _c24 سم |
||
| 336 |
_aنص _btxt _2rdacontent _3كتاب |
||
| 337 |
_aبدون وسيط _bn _2rdamedia |
||
| 338 |
_aمجلد _bnc _2rdacarrier |
||
| 650 | 7 |
_aالفرق الإسلامية _xبحوث _2aucsh |
|
| 942 |
_2ddc _cBOOK _n0 |
||
| 949 |
_aSA-JeALM _d241120 _ukhaled123 _n1 |
||
| 999 |
_c2579 _d2579 |
||